| 000 | 00450nam a22001817a 4500 | ||
|---|---|---|---|
| 005 | 20260331162126.0 | ||
| 008 | 260331b |||||||| |||| 00| 0 eng d | ||
| 020 | _a9789351611813 | ||
| 041 | _aeng | ||
| 082 |
_a658.001 _bPRA B23048 |
||
| 100 |
_aPrasad L M _9217509 |
||
| 245 |
_aPrinciples And Practice of Management _c10th Ed. |
||
| 250 | _a10th Ed. | ||
| 260 |
_aNew Delhi _bs Chand _c2023 |
||
| 300 | _a536p | ||
| 500 | _aPPM | ||
| 942 | _cBK | ||
| 999 |
_c370843 _d370843 |
||